[Event "35th European Club Cup 2019"]
[Site "Ulcinj"]
[Date "2019.11.12"]
[Round "3.12"]
[White "Bartel, Mateusz"]
[Black "Kaasen, Tor Fredrik"]
[Result "1-0"]
[WhiteElo "2636"]
[BlackElo "2405"]
[Annotator "TA"]
[PlyCount "125"]
[EventDate "2019.11.10"]
[EventType "team-tourn"]
[EventCountry "MNE"]
[SourceTitle "playchess.com"]
[Source "ChessBase"]
[SourceQuality "1"]
[WhiteTeam "Novy Bor"]
[BlackTeam "Valerenga"]

{[%evp 9,125,18,37,20,18,0,16,11,36,-4,0,0,0,0,0,0,47,-14,0,0,0,-12,24,0,21,29,23,0,0,0,0,0,0,0,12,20,29,0,-7,-7,0,-7,0,-16,16,18,16,24,17,17,34,27,32,29,50,14,21,16,45,7,86,91,81,70,110,54,82,87,104,105,122,92,121,131,131,121,202,191,185,197,259,279,260,246,259,266,303,320,325,316,335,350,333,347,313,339,312,327,359,370,347,364,413,383,435,439,411,402,682,621,620,622,820,882,857,785,757,737]} 1. e4 c5 2. Nf3 d6 3. d4 cxd4 4. Nxd4 Nf6 5. Nc3 a6 $1 6. Qd3 {B90: Sicilian Najdorf: Unusual White 6th moves, 6 Be3 Ng4 and 6 Be3 e5} (6. g3 e5 7. Nde2 Be7 8. Bg2 O-O 9. O-O b5 10. Nd5 Nxd5 11. Qxd5 Ra7 12. Be3 Rb7 13. Qd2 Nd7 14. Nc3 Nf6 15. Bg5 Be6 16. Bxf6 Bxf6 17. Nd5 Bg5 {½-½ (43) Vitiugov,N (2732)-Yu,Y (2763) Khanty-Mansiysk 2019}) 6... Nbd7 7. Be2 e6 8. O-O {The position is equal.} b6 9. Nb3 $146 ({Predecessor:} 9. f4 Bb7 10. Bf3 Rc8 11. Qe2 Qc7 12. Kh1 Qc4 13. Qf2 b5 {½-½ (41) Cruzado Duenas,C (2574)-Zuev,D (2480) ICCF email 2015}) 9... Bb7 10. Bf4 Qc7 11. Rad1 {[%cal Rf4d6]} Ne5 12. Qg3 Be7 13. Rd4 (13. Qxg7 $14 Rg8 14. Qh6) 13... O-O $11 14. a4 Rfd8 15. Rfd1 (15. h4 {seems wilder.} Kh8 16. Rfd1 Rac8 17. h5 h6 18. Qe3) 15... Rd7 16. Bh6 {[%csl Gh6][%cal Rg3g7]} (16. Be3 {looks sharper.} Ng6 17. h4 h5 18. Rc4 Qb8 19. Rb4) 16... Ng6 17. Be3 Rc8 18. Rc4 Qd8 19. Rxc8 Qxc8 20. f3 Bd8 21. Qf2 Qc7 22. Rd4 d5 23. Rb4 {[%cal Re3b6]} Qd6 24. Bxb6 {Hoping for Qc5.} Qxb4 25. Bc5 Bb6 $1 {[%cal Rb6c5]} 26. Bxb6 {Black must now prevent Bc5.} dxe4 27. Bc5 {[#]} e3 $1 {[%cal Re3f2]} 28. Bxb4 (28. Bxe3 Nd5) 28... exf2+ 29. Kxf2 Rc7 30. Bd6 $36 {[%mdl 3072] White has compensation. White has some pressure.} Rc6 31. Ba3 Bc8 32. Na5 Rc7 33. Nc4 e5 34. a5 Bf5 (34... Be6 $11 35. Ne3 Rc6) 35. Ne3 $16 Bc8 36. g3 Bb7 37. Bd3 (37. Na4 $16) 37... Rc8 38. Nf5 Ne8 39. h4 {Threatens to win with h5.} h5 40. Na4 Rc6 41. Nb6 Re6 42. Ke3 Nc7 (42... e4 $16 43. fxe4 Ne5) 43. Nd6 $18 Bc6 {[#]} 44. Bc4 $1 Rf6 (44... Ne7 {keeps fighting.}) 45. Ne4 Bxe4 46. Kxe4 Rc6 47. b3 Kh7 48. Bb4 ({Weaker is} 48. Bxf7 Rxc2 49. Kf5 Nh8 $16) 48... f6 49. c3 Nh8 50. Nd7 Kg6 51. Kd3 Ne8 52. Nb8 {[%mdl 64] Double Attack} Rc8 53. Nxa6 Nf7 54. Bd5 f5 55. c4 Nf6 56. Bb7 e4+ 57. fxe4 Rd8+ 58. Ke3 Ne5 (58... fxe4 $142 59. Bxe4+ Nxe4) 59. exf5+ {White is clearly winning.} Kxf5 60. Nc5 Rd1 61. a6 Ra1 62. Bc8+ Kg6 63. Bc3 {Accuracy: White = 75%, Black = 51%.} 1-0

[Event "35th European Club Cup 2019"]
[Site "Ulcinj"]
[Date "2019.11.12"]
[Round "3.12"]
[White "Vanek, Petr"]
[Black "Vuckovic, Marko"]
[Result "1-0"]
[WhiteElo "2049"]
[BlackElo "2054"]
[Annotator "NA"]
[PlyCount "50"]
[EventDate "2019.11.10"]
[EventType "team-tourn"]
[EventCountry "MNE"]
[SourceTitle "playchess.com"]
[Source "ChessBase"]
[SourceQuality "1"]
[WhiteTeam "Unichess"]
[BlackTeam "Buducnost"]
[TimeControl "40/5400+30:1800+30"]

1. e4 {[%emt 0:00:10]} c5 {[%emt 0:00:00]} 2. Nc3 {[%emt 0:00:30]} e6 {[%emt 0:00:03]} 3. g3 {[%emt 0:00:30]} Nc6 {[%emt 0:00:00]} 4. Bg2 {[%emt 0:00:00]} a6 {[%emt 0:00:53]} 5. d3 {[%emt 0:00:00]} Nf6 {[%emt 0:01:32]} 6. f4 {[%emt 0:00:02]} d5 {[%emt 0:00:30]} 7. e5 {[%emt 0:00:00]} Nd7 {[%emt 0:02:03]} 8. Nf3 {[%emt 0:00:08]} b5 {[%emt 0:00:51]} 9. O-O {[%emt 0:01:01]} Be7 {[%emt 0:04:22]} 10. Ne2 {[%emt 0:01:55]} Bb7 {[%emt 0:00:36]} 11. c3 {[%emt 0:01:03]} a5 {[%emt 0:04:35]} 12. Kh1 {[%emt 0:02:56]} a4 {[%emt 0:06:28]} 13. d4 {[%emt 0:00:30]} b4 {[%emt 0:02:39]} 14. f5 {[%emt 0:00:50]} exf5 {[%emt 0:03:04]} 15. Nf4 {[%emt 0:26:01]} Nb6 {[%emt 0:00:30]} 16. dxc5 {[%emt 0:00:38]} Bxc5 {[%emt 0:03:02]} 17. Nd4 {[%emt 0:06:04]} Bxd4 {[%emt 0:01:34]} 18. cxd4 {[%emt 0:00:30]} O-O {[%emt 0:08:09]} 19. g4 {[%emt 0:13:44]} fxg4 {[%emt 0:00:17]} 20. Qxg4 {[%emt 0:02:35]} Ne7 {[%emt 0:00:30]} 21. Nh5 {[%emt 0:01:11]} Ng6 {[%emt 0:04:02]} 22. Bg5 {[%emt 0:12:11]} Qc8 {[%emt 0:00:46]} 23. Qg3 {[%emt 0:14:05]} h6 {[%emt 0:05:48]} 24. Be7 {[%emt 0:01:32]} Re8 {[%emt 0:00:41]} 25. Bc5 {[%emt 0:00:00]} Qc6 {[%emt 0:37:35]} 1-0

[Event "35th European Club Cup 2019"]
[Site "Ulcinj"]
[Date "2019.11.12"]
[Round "3.12"]
[White "Bikady, Claude"]
[Black "Richard, Emma"]
[Result "1/2-1/2"]
[WhiteElo "1912"]
[BlackElo "2157"]
[Annotator "NA"]
[PlyCount "61"]
[EventDate "2019.11.10"]
[EventType "team-tourn"]
[EventCountry "MNE"]
[SourceTitle "playchess.com"]
[Source "ChessBase"]
[SourceQuality "1"]
[WhiteTeam "Echiquier Mosan"]
[BlackTeam "Mulhouse"]
[TimeControl "40/5400+30:1800+30"]

1. d4 Nf6 2. Nf3 e6 3. Bf4 d5 4. e3 Bd6 5. Bg3 O-O 6. Nbd2 c5 7. c3 Qc7 8. Bd3 Nbd7 9. Qe2 e5 10. dxe5 Bxe5 11. Bxe5 Nxe5 12. Nxe5 Qxe5 13. Nf3 Qe7 14. h3 b6 15. O-O Ne4 16. Rfe1 {[%emt 0:31:46]} Bb7 {[%emt 0:41:11]} 17. a4 {[%emt 0:03:33]} a5 {[%emt 0:03:50]} 18. Qc2 {[%emt 0:04:10]} Rad8 {[%emt 0:06:42]} 19. Rad1 {[%emt 0:10:28]} h6 {[%emt 0:04:57]} 20. Bb5 {[%emt 0:08:06]} Rd6 {[%emt 0:08:06]} 21. Kh2 {[%emt 0:05:40]} Rfd8 {[%emt 0:01:37]} 22. Qe2 {[%emt 0:02:37]} g5 {[%emt 0:13:57]} 23. Nd2 {[%emt 0:15:48]} Nf6 {[%emt 0:09:01]} 24. g3 {[%emt 0:09:53]} Kg7 {[%emt 0:06:57]} 25. Qf1 {[%emt 0:05:10]} h5 26. Be2 {[%emt 0:00:36]} g4 {[%emt 0:03:00]} 27. h4 {[%emt 0:00:11]} Nd7 {[%emt 0:01:13]} 28. f4 {[%emt 0:04:12]} Nf6 {[%emt 0:02:09]} 29. Bd3 {[%emt 0:00:30]} Ne4 {[%emt 0:00:30]} 30. Nxe4 {[%emt 0:00:20]} dxe4 31. Be2 1/2-1/2

[Event "35th European Club Cup 2019"]
[Site "Ulcinj"]
[Date "2019.11.12"]
[Round "3.13"]
[White "Rapport, Richard"]
[Black "Hammer, Jon Ludvig"]
[Result "1-0"]
[WhiteElo "2752"]
[BlackElo "2625"]
[Annotator "TA"]
[PlyCount "105"]
[EventDate "2019.11.10"]
[EventType "team-tourn"]
[EventCountry "MNE"]
[SourceTitle "playchess.com"]
[Source "ChessBase"]
[SourceQuality "1"]
[WhiteTeam "Padova"]
[BlackTeam "Koge SK"]

{[%evp 11,105,-4,-3,-14,17,26,26,23,30,29,29,29,46,43,25,21,22,28,31,0,0,1,24,0,40,39,37,43,50,35,35,48,47,39,39,39,47,40,77,82,86,77,88,62,93,61,129,126,126,126,126,126,134,127,125,131,117,119,119,119,119,119,119,123,123,119,119,119,131,127,186,193,202,217,189,201,206,182,184,170,454,441,414,377,359,347,440,391,368,362,9193,6731,6079,5385,2103,1842]} 1. Nf3 d5 2. g3 g6 3. Bg2 Bg7 4. O-O e5 5. d3 Ne7 6. c4 c6 7. e4 {A07: Réti Opening: New York and Capablanca Systems} (7. Nc3 O-O 8. Qc2 d4 9. Ne4 f5 10. Ned2 c5 11. b4 Nbc6 12. bxc5 e4 13. Ng5 h6 14. Ngxe4 fxe4 15. Nxe4 {0-1 (27) Petrosian,T (2598)-Cheparinov,I (2709) St Petersburg 2018}) 7... dxe4 8. dxe4 Qxd1 9. Rxd1 {White has an edge.} Be6 10. b3 f6 11. Nc3 Kf7 $146 ({Predecessor:} 11... Nd7 12. Ba3 Bf8 13. Rd2 Ng8 14. Bxf8 Kxf8 {1-0 (72) Maze,S (2279)-Dunis,A (2347) Marseille 2001}) 12. Ne1 Na6 13. Nd3 Rhd8 14. Be3 Rd7 15. Rd2 Rad8 16. Rad1 h5 17. h3 ({Of course not} 17. Bxa7 Bh6 $17) 17... b6 18. f4 Bh6 19. Kf1 h4 20. gxh4 exf4 21. Nxf4 Rxd2 22. Rxd2 Rxd2 23. Bxd2 Bd7 24. Ke2 Bg7 25. Nd3 c5 26. Nd5 Nc6 27. Bc3 Nab8 28. Kf2 Bc8 (28... Nd4 $14) 29. Kg3 Nd4 30. Bxd4 cxd4 31. h5 gxh5 32. Bf3 f5 33. Bxh5+ Kf8 34. Bg6 fxe4 35. Bxe4 Nd7 36. Kf4 Bh6+ 37. Kf3 Nc5 38. h4 Nxd3 39. Bxd3 $16 {[%mdl 4096] Endgame KBB-KBN} Bb7 40. Ke4 Be3 (40... Bg7 $16 41. Kf5 Kf7) 41. Ke5 $18 Bf2 42. h5 Kg7 43. Ne7 Kh6 44. Be4 Ba6 45. Bg6 b5 $2 (45... Kg5 46. Nc6 d3) 46. c5 d3 47. Kf4 {[%cal Re7f5] [#]} Kg7 48. b4 ({Weaker is} 48. Bxd3 Bxc5 49. Nf5+ Kf6 $16) 48... Be1 49. a3 {[%cal Ba2a3,Ba3b4][%mdl 32]} Bd2+ 50. Ke4 Bxb4 $2 {[#]} (50... Bc1 51. Kxd3 Bxa3) 51. axb4 {White is clearly winning.} d2 52. Nf5+ Kh8 53. Ne3 {Accuracy: White = 76%, Black = 42%.} 1-0

[Event "35th European Club Cup 2019"]
[Site "Ulcinj"]
[Date "2019.11.12"]
[Round "3.13"]
[White "Pijpers, Arthur"]
[Black "Vedder, Henk"]
[Result "1-0"]
[WhiteElo "2473"]
[BlackElo "2342"]
[Annotator "ChessBase"]
[PlyCount "89"]
[EventDate "2019.11.10"]
[EventType "team-tourn"]
[EventCountry "MNE"]
[SourceTitle "playchess.com"]
[Source "ChessBase"]
[SourceQuality "1"]
[WhiteTeam "LSG IntelliMagic"]
[BlackTeam "En Passant"]
[TimeControl "40/5400+30:1800+30"]

1. e4 e6 2. d4 d5 3. Nc3 Nf6 4. e5 Nfd7 5. f4 c5 6. Nf3 Nc6 7. Be3 cxd4 8. Nxd4 Bc5 9. Qd2 Nxd4 10. Bxd4 Bxd4 11. Qxd4 Qb6 12. Nb5 Qxd4 13. Nxd4 Ke7 14. Be2 a6 15. Rc1 Nb6 16. h4 h5 17. Rh3 Na4 18. c4 Rd8 19. c5 Nxb2 20. Bxh5 Nc4 21. Be2 Bd7 22. Bxc4 dxc4 23. Rxc4 Rac8 24. Rhc3 Bc6 25. Nxc6+ Rxc6 26. a4 f6 27. exf6+ Kxf6 28. g4 Rd5 29. Ke2 g6 30. Ke3 Rd1 31. Rb4 Rc7 32. Ke4 Re1+ 33. Re3 Rxe3+ 34. Kxe3 Rxc5 35. Rxb7 Rc4 36. a5 Ra4 37. h5 gxh5 38. g5+ Kf5 39. Rf7+ Kg4 40. g6 Ra3+ 41. Ke4 Rg3 42. g7 Kh3 43. Ke5 Rg6 44. f5 exf5 45. Kxf5 1-0

[Event "35th European Club Cup 2019"]
[Site "Ulcinj"]
[Date "2019.11.12"]
[Round "3.13"]
[White "Leenhouts, Koen"]
[Black "Kjartansson, Gudmundur"]
[Result "1-0"]
[WhiteElo "2424"]
[BlackElo "2454"]
[Annotator "ChessBase"]
[PlyCount "69"]
[EventDate "2019.11.10"]
[EventType "team-tourn"]
[EventCountry "MNE"]
[SourceTitle "playchess.com"]
[Source "ChessBase"]
[SourceQuality "1"]
[WhiteTeam "HWP Sas van Gent"]
[BlackTeam "Reykjavik CC"]
[TimeControl "40/5400+30:1800+30"]

1. d4 {[%emt 0:00:00]} d5 {[%emt 0:00:00]} 2. c4 {[%emt 0:00:00]} e6 {[%emt 0:00:00]} 3. Nc3 {[%emt 0:00:00]} c6 {[%emt 0:00:00]} 4. e4 {[%emt 0:00:18]} dxe4 {[%emt 0:00:05]} 5. Nxe4 {[%emt 0:00:00]} Bb4+ {[%emt 0:00:04]} 6. Bd2 {[%emt 0:00:00]} Qxd4 {[%emt 0:00:07]} 7. Bxb4 {[%emt 0:00:09]} Qxe4+ {[%emt 0:00:05]} 8. Be2 {[%emt 0:00:12]} Na6 {[%emt 0:00:28]} 9. Ba5 {[%emt 0:00:18]} b6 {[%emt 0:00:45]} 10. Qd6 {[%emt 0:01:10]} Bd7 {[%emt 0:02:00]} 11. Bc3 {[%emt 0:04:24]} f6 {[%emt 0:00:58]} 12. O-O-O O-O-O {[%emt 0:01:53]} 13. Qa3 {[%emt 0:00:55]} Kb7 {[%emt 0:00:44]} 14. Bf3 {[%emt 0:00:13]} Qf4+ {[%emt 0:01:54]} 15. Rd2 {[%emt 0:00:08]} Qc7 {[%emt 0:16:12]} 16. Ne2 {[%emt 0:00:08]} e5 {[%emt 0:00:17]} 17. Ng3 {[%emt 0:00:44]} Nh6 {[%emt 0:04:53]} 18. Rhd1 {[%emt 0:01:30]} Nf7 {[%emt 0:16:03]} 19. b4 {[%emt 0:18:05]} Be6 {[%emt 0:15:35]} 20. b5 {[%emt 0:03:17]} Nb8 {[%emt 0:00:10]} 21. Ne4 {[%emt 0:22:22]} Rxd2 {[%emt 0:23:06]} 22. Rxd2 {[%emt 0:01:10]} Rd8 {[%emt 0:00:57]} 23. bxc6+ {[%emt 0:14:21]} Nxc6 {[%emt 0:00:12]} 24. Nc5+ {[%emt 0:01:59]} bxc5 {[%emt 0:00:11]} 25. Ba5 {[%emt 0:00:25]} Rxd2 {[%emt 0:08:27]} 26. Qb3+ {[%emt 0:12:57]} Kc8 {[%emt 0:00:29]} 27. Bxc7 {[%emt 0:00:08]} Rd4 {[%emt 0:01:01]} 28. Qb5 {[%emt 0:01:39]} Rxc4+ {[%emt 0:01:17]} 29. Kd1 {[%emt 0:00:15]} e4 {[%emt 0:02:08]} 30. Qxc6 {[%emt 0:01:01]} Rd4+ {[%emt 0:01:18]} 31. Ke1 {[%emt 0:00:41]} Bd7 {[%emt 0:00:38]} 32. Qxc5 {[%emt 0:00:41]} exf3 {[%emt 0:00:17]} 33. Bb6+ {[%emt 0:01:03]} Kb7 {[%emt 0:00:16]} 34. Qc7+ {[%emt 0:00:08]} Ka6 {[%emt 0:00:06]} 35. Bxd4 {[%emt 0:00:08]} 1-0

[Event "35th European Club Cup 2019"]
[Site "Ulcinj"]
[Date "2019.11.12"]
[Round "3.14"]
[White "Banusz, Tamas"]
[Black "Leko, Peter"]
[Result "1/2-1/2"]
[WhiteElo "2620"]
[BlackElo "2666"]
[Annotator "TA"]
[PlyCount "67"]
[EventDate "2019.11.10"]
[EventType "team-tourn"]
[EventCountry "MNE"]
[SourceTitle "playchess.com"]
[Source "ChessBase"]
[SourceQuality "1"]
[WhiteTeam "Koge SK"]
[BlackTeam "Padova"]

{[%evp 19,67,26,35,6,7,3,8,7,0,10,11,0,0,0,0,0,0,0,0,0,0,0,0,0,0,0,0,0,1,1,1,2,6,4,2,2,8,8,14,0,3,3,3,3,3,3,3,3,3,3]} 1. Nf3 Nf6 2. c4 e6 3. g3 d5 4. Bg2 Be7 5. d4 O-O 6. O-O dxc4 7. Ne5 Nc6 8. Bxc6 bxc6 9. Nxc6 Qe8 10. Nxe7+ Qxe7 11. b3 {[#] Hoping for Ba3. E05: Open Catalan: 5 Nf3 Be7} Rd8 {The position is equal.} 12. bxc4 Qd6 13. Nc3 {[#]} Bb7 $146 ({Predecessor:} 13... Qxd4 14. Be3 Qd7 15. Qxd7 Rxd7 16. Rfd1 a6 17. Bf4 Ne8 18. e4 Rxd1+ 19. Rxd1 {½-½ (40) Paravyan,D (2629)-Leko,P (2690) Porto Carras 2018}) 14. Rb1 {[%cal Ba1b1,Bb1b7,Bb7c7][%mdl 32]} Qc6 {[%csl Gb7][%cal Rc6h1] [#]} 15. f3 Qxc4 16. Rxb7 {And now Qb3 would win.} Qxc3 17. Bb2 Qc4 18. Qd2 c5 19. Rc7 e5 20. Rc1 Qxa2 {[%cal Rc5d4]} 21. R7xc5 Rab8 22. Bc3 Qxd2 23. Bxd2 {With the idea Ba5.} exd4 24. Ba5 Re8 25. Kf2 h5 26. Rd1 Rb2 27. Rd2 Rxd2 28. Bxd2 $11 {[%mdl 4096] Endgame KRB-KRN} Rd8 29. Bg5 Rd5 30. Rc8+ Kh7 31. Bxf6 gxf6 32. Rc7 Kg6 33. Rxa7 d3 34. exd3 {Accuracy: White = 81%, Black = 96%.} 1/2-1/2

[Event "35th European Club Cup 2019"]
[Site "Ulcinj"]
[Date "2019.11.12"]
[Round "3.14"]
[White "Gretarsson, Helgi Ass"]
[Black "Cardon, Helmut"]
[Result "*"]
[WhiteElo "2415"]
[BlackElo "2398"]
[Annotator "NA RC"]
[PlyCount "78"]
[EventDate "2019.11.10"]
[EventType "team-tourn"]
[EventCountry "MNE"]
[SourceTitle "playchess.com"]
[Source "ChessBase"]
[SourceQuality "1"]
[WhiteTeam "Reykjavik CC"]
[BlackTeam "HWP Sas van Gent"]
[TimeControl "40/5400+30:1800+30"]

1. Nf3 Nf6 2. c4 e6 3. Nc3 d5 4. d4 Nbd7 5. cxd5 exd5 6. Bg5 Be7 7. e3 O-O 8. Bd3 Re8 9. Qc2 Nf8 10. h3 Be6 11. O-O Nh5 12. Bxe7 Qxe7 13. Rfe1 Rad8 14. b4 c6 15. Na4 Rd6 16. Nc5 Bc8 {[%emt 1:18:43]} 17. a4 Ng6 {[%emt 0:06:51]} 18. b5 {[%emt 1:20:59]} b6 {[%emt 0:00:52]} 19. Nb3 {[%emt 0:00:08]} Bd7 {[%emt 0:00:30]} 20. Rec1 {[%emt 0:09:18]} Nf6 {[%emt 0:01:24]} 21. Bxg6 {[%emt 0:04:32]} hxg6 {[%emt 0:00:02]} 22. Qe2 {[%emt 0:00:06]} Ra8 {[%emt 0:09:22]} 23. Ne5 {[%emt 0:00:21]} Qe8 {[%emt 0:02:03]} 24. Ra2 {[%emt 0:02:25]} cxb5 {[%emt 0:00:52]} 25. Nxd7 {[%emt 0:00:06]} Rxd7 {[%emt 0:00:13]} 26. axb5 {[%emt 0:00:12]} Ne4 {[%emt 0:00:14]} 27. Rc6 {[%emt 0:00:41]} Rc8 {[%emt 0:00:42]} 28. Qc2 {[%emt 0:01:53]} Nd6 {[%emt 0:00:11]} 29. Nd2 {[%emt 0:00:42]} Re7 {[%emt 0:01:06]} 30. Rxc8 {[%emt 0:02:38]} Qxc8 {[%emt 0:00:01]} 31. Qxc8+ {[%emt 0:00:01]} Nxc8 {[%emt 0:00:01]} 32. Rc2 {[%emt 0:00:02]} Nd6 {[%emt 0:00:12]} 33. Nf3 {[%emt 0:00:06]} f6 {[%emt 0:01:48]} 34. g4 {[%emt 0:00:42]} Nxb5 {[%emt 0:00:38]} 35. Rc8+ {[%emt 0:00:01]} Kf7 {[%emt 0:00:14]} 36. g5 {[%emt 0:00:05]} Nc7 {[%emt 0:00:52]} 37. h4 {[%emt 0:02:17]} a5 {[%emt 0:00:09]} 38. Nd2 {[%emt 0:00:20]} a4 {[%emt 0:00:24]} 39. Rb8 {[%emt 0:00:46]} Re6 {[%emt 0:01:27]} *

[Event "35th European Club Cup 2019"]
[Site "Ulcinj"]
[Date "2019.11.12"]
[Round "3.14"]
[White "Van de Griendt, Jan Willem"]
[Black "Sprenger, Jan Michael"]
[Result "1/2-1/2"]
[WhiteElo "2340"]
[BlackElo "2492"]
[Annotator "ChessBase"]
[PlyCount "61"]
[EventDate "2019.11.10"]
[EventType "team-tourn"]
[EventCountry "MNE"]
[SourceTitle "playchess.com"]
[Source "ChessBase"]
[SourceQuality "1"]
[WhiteTeam "En Passant"]
[BlackTeam "LSG IntelliMagic"]
[TimeControl "40/5400+30:1800+30"]

1. d4 {[%emt 0:00:00]} Nf6 {[%emt 0:00:00]} 2. c4 {[%emt 0:00:00]} e6 {[%emt 0:00:00]} 3. g3 {[%emt 0:00:00]} d5 {[%emt 0:04:48]} 4. Nf3 {[%emt 0:00:34]} Bb4+ {[%emt 0:01:31]} 5. Bd2 {[%emt 0:00:07]} Be7 {[%emt 0:00:04]} 6. Bg2 {[%emt 0:00:06]} O-O {[%emt 0:00:04]} 7. O-O {[%emt 0:00:07]} c6 {[%emt 0:00:34]} 8. Qc2 {[%emt 0:00:07]} b6 {[%emt 0:01:43]} 9. Rd1 {[%emt 0:00:18]} Ba6 {[%emt 0:02:15]} 10. b3 {[%emt 0:01:48]} Nbd7 {[%emt 0:00:51]} 11. a4 {[%emt 0:00:35]} c5 {[%emt 0:28:34]} 12. Na3 {[%emt 0:01:14]} Bb7 {[%emt 0:03:50]} 13. Qb2 {[%emt 0:02:42]} Ne4 {[%emt 0:03:28]} 14. Be1 {[%emt 0:01:40]} Bf6 {[%emt 0:04:05]} 15. e3 {[%emt 0:00:28]} Qc7 {[%emt 0:08:59]} 16. Rac1 {[%emt 0:33:18]} Rac8 {[%emt 0:00:48]} 17. Qb1 {[%emt 0:06:17]} Qb8 {[%emt 0:01:24]} 18. cxd5 {[%emt 0:16:18]} exd5 {[%emt 0:06:33]} 19. Nb5 {[%emt 0:04:15]} Rfe8 {[%emt 0:04:48]} 20. Nc3 {[%emt 0:11:13]} Nf8 {[%emt 0:08:13]} 21. dxc5 {[%emt 0:04:25]} Bxc3 {[%emt 0:01:22]} 22. Bxc3 {[%emt 0:00:13]} Nxc3 {[%emt 0:02:20]} 23. Rxc3 {[%emt 0:00:08]} bxc5 {[%emt 0:02:08]} 24. b4 {[%emt 0:03:21]} d4 {[%emt 0:05:01]} 25. exd4 {[%emt 0:01:57]} Be4 {[%emt 0:00:16]} 26. Qb3 {[%emt 0:06:44]} Qxb4 {[%emt 0:00:49]} 27. Qc4 {[%emt 0:02:33]} Qxc4 {[%emt 0:03:01]} 28. Rxc4 {[%emt 0:00:02]} cxd4 {[%emt 0:00:11]} 29. Rcxd4 {[%emt 0:01:26]} Bc2 {[%emt 0:01:28]} 30. Ra1 {[%emt 0:01:22]} h6 {[%emt 0:02:34]} 31. h4 {[%emt 0:00:26]} 1/2-1/2

[Event "35th European Club Cup 2019"]
[Site "Ulcinj"]
[Date "2019.11.12"]
[Round "3.15"]
[White "Vallejo Pons, Francisco"]
[Black "Papp, Gabor"]
[Result "1-0"]
[WhiteElo "2694"]
[BlackElo "2589"]
[Annotator "TA"]
[PlyCount "127"]
[EventDate "2019.11.10"]
[EventType "team-tourn"]
[EventCountry "MNE"]
[SourceTitle "playchess.com"]
[Source "ChessBase"]
[SourceQuality "1"]
[WhiteTeam "Padova"]
[BlackTeam "Koge SK"]

{[%evp 23,127,25,35,29,39,12,21,10,16,0,66,60,66,64,62,70,107,106,120,111,113,101,127,106,121,122,125,106,111,86,100,87,95,74,89,78,83,89,100,72,93,98,104,72,78,72,99,83,92,74,154,139,128,141,117,88,85,79,90,86,119,58,57,56,58,70,77,83,74,73,90,60,83,72,202,197,452,439,765,735,1059,1140,1240,1131,1919,1651,2497,2431,2392,2068,29955,4820,29964,29965,29968,29970,29972,29973,29975,29976,29977,29978,29981,29982,29981,29982]} 1. d4 Nf6 2. c4 e6 3. Nf3 d5 4. g3 Be7 5. Bg2 O-O 6. Qc2 c6 7. O-O Nbd7 8. Nbd2 b6 9. e4 Bb7 10. e5 Ne8 11. cxd5 cxd5 12. Re1 Rc8 13. Qa4 {E09: Closed Catalan: Main Line: 7 Qc2 c6 8 Nbd2} Nc7 14. Bf1 a5 15. Bd3 {The position is equal.} Ba6 16. Bb1 Re8 (16... f6 $11) 17. Nf1 {[#]} Nf8 $146 ({Predecessor:} 17... Nb5 18. Qd1 Na7 19. h4 Nf8 20. N1h2 Bb4 {½-½ (62) Berczes,D (2493)-Moradiabadi,E (2597) Cleveland 2015}) 18. Qd1 Qd7 19. h4 a4 20. a3 Bc4 21. Bc2 b5 22. Ne3 Na8 23. Ng5 Bb3 24. Bxb3 axb3 25. Qxb3 Nb6 26. Nf3 Nc4 27. Bd2 Rc7 28. Bc3 Ra8 29. Nc2 Qc8 30. Re2 Nd7 {[%cal Bf8d7,Bd7b6,Bb6c4][%mdl 32]} 31. Nb4 Ndb6 32. Be1 Na5 33. Qd1 Nc6 34. Nd3 Nc4 35. Rc1 Qb8 36. Rec2 Qa7 {[#]} (36... Qb6 $142) 37. b3 $1 $16 Nxd4 38. Nxd4 Qxd4 39. bxc4 bxc4 40. Bb4 Bxb4 41. axb4 Ra3 42. Ne1 ({White should play} 42. Rd2 $16) 42... Rxg3+ $1 $14 43. Kf1 Qxd1 44. Rxd1 Rb3 {[#]} 45. Ra2 $1 {[%cal Ra2a8] Intending Ra8+ and mate.} g6 46. Nc2 Rb7 47. Ke2 Kg7 48. Rda1 Rh3 (48... Rc3 $16) 49. Ra7 $18 Rxa7 $2 (49... Rb8 {was worth a try.}) 50. Rxa7 Rxh4 {[%mdl 4096] Endgame KRN-KR} (50... Rb3 $142 51. Nd4 Rb2+ 52. Ke3 Kg8 53. Ra8+ Kg7) 51. b5 d4 52. b6 d3+ 53. Kd2 dxc2 54. Kxc2 {KR-KR} ({Not} 54. b7 c3+ 55. Kxc2 Rb4 $11) 54... Rh3 55. Ra1 Rb3 56. Rb1 Rd3 57. b7 Rd8 58. b8=Q {White mates.} Rxb8 59. Rxb8 {KR-KP} g5 60. Kc3 h5 61. Kxc4 h4 62. Kd4 h3 63. f3 h2 64. Rb1 {Accuracy: White = 71%, Black = 42%.} 1-0